000 00261nam a2200109Ia 4500
008 220120s9999||||xx |||||||||||||| ||und||
082 _a005.1 BAN
100 _aBanerjee
245 0 _aSprite of C and data structures
260 _bNew Delhi
300 _a468p.
_b72
999 _c136367
_d136367